| 000 | 00726nam a2200217Ia 4500 | ||
|---|---|---|---|
| 003 | GCL | ||
| 008 | 140319s9999 xx 000 0 ara d | ||
| 040 |
_aGCL / _cGCL |
||
| 082 | 0 | 4 |
_a842 _bا م |
| 100 | 1 | _aانوى، جان | |
| 245 | 1 | 0 |
_aالمتوحشة / _cانوى، جان |
| 700 | 1 | _aيحيى سعد | |
| 260 |
_aالقاهرة : _bالدار القومية للطباعة والنشر ، _c1965 |
||
| 300 |
_a212 ص ؛ _c20 سم |
||
| 490 |
_aمسرحيات عالمية _v2 |
||
| 650 | 0 | 4 | _aالادب الفرنسى |
| 650 | 0 | 4 | _aالمسرحيات الفرنسية |
| 650 | 0 | 4 | _aالادب الفرنسى المترجم |
| 650 | 0 | 4 | _aالمسرحيات الفرنسية المترجمة |
| 942 |
_2ddc _cBK |
||
| 999 |
_c40663 _d40663 |
||